00784nam a22002057a 4500952015100000999001700151003000900168005001700177008004100194040002300235082001400258245008500272260004800357300002300405504005200428650002800480700002600508700003200534942001200566 00102ddc41718NFICaASLbASLcGENd2021-03-06eASB Library CollectionshV-5l0o954 COMp107078r2021-03-06 00:00:00tC-1w2021-03-06yBKzRARE c22773d22773BDDh-ASL20231015030146.0210306s1970 ii ||||| |||| 00| 0 eng d aBDDh-ASLcBDDh-ASL a954bCOM 02aA Comprehensive History of India, Vol.-5, The Delhi Sultanat (A.D. 1206-1526) /  aDelhi:bPeople's Publishing House, c1970.  a1273 p. :c24 cm.  aIncludes bibliographical references and index.  093290aHistory of India 1 93323aHabib, Mohammad1 93324aNizami, Khaliq Ahmad  2ddccBK